00243cam a2200097 4500020001500000082001600015100002200031245004500053260003300098300001400131 a900403415300a297.63bWES1 aWessels, Antonie.12aA modern Arabic biography of Muḥammad; aLeiden,bE. J. Brill,c1972. ax, 271 p.